El Proletariado agrícola en México: ¿campesinos sin tierra o proletariados agrícolas?

محفوظ في:
التفاصيل البيبلوغرافية
المؤلف الرئيسي: Paré, Luisa
مؤلف مشترك: UNAM. Instituto de Investigaciones
التنسيق: نص
منشور في: México, D.F: Siglo XXI
الوسوم: إضافة وسم
لا توجد وسوم, كن أول من يضع وسما على هذه التسجيلة!

MARC

LEADER 00000 a a2200000 04500
001 22583
003
040
020 |a 968-23-0400-8  
090 |a 154700  
100 |a Paré, Luisa  
110 |a UNAM. Instituto de Investigaciones  
245 |a El Proletariado agrícola en México: ¿campesinos sin tierra o proletariados agrícolas?  
260 |a México, D.F:   |b Siglo XXI  
300 |a 254 p   |b **no definido**   |b map.  
999 |c 16125  |d 16125